Tree flora of Pasoh Forest

Bibliographic Details
Main Author: KOCHUMMEN
Corporate Author: Forest Research Institute Malaysia (FRIM)
Format: Book
Published: Kuala Lumpur : Institut Penyelidikan Perhutanan Malaysia , 1997
Series:Malayan forest records; n. 44
Subjects:

MARC

LEADER 00000cam a2200000 7i4500
001 0000000810
005 20001011.0
020 0 0 |a 9839592696 
090 0 0 |a MR582.1609595117   |b KOC 1997 
100 1 0 |a KOCHUMMEN   |h K. M. 
245 1 0 |a Tree flora of Pasoh Forest   |c K. M. Kochummen 
260 0 0 |a Kuala Lumpur :   |b Institut Penyelidikan Perhutanan Malaysia ,   |c 1997 
300 |a xv, 462 p. :   |b col. ill. ;   |c 24 cm. 
440 0 0 |a Malayan forest records; n. 44 
500 0 0 |a Includes index 
650 0 0 |a Forest reserves   |z Negeri Sembilan 
650 0 0 |a Hutan Simpan Pasoh (Negeri Sembilan) 
650 0 0 |a Trees   |x Identification 
710 1 1 |a Forest Research Institute Malaysia (FRIM) 
999 |a 0000001829   |b Monograph   |c Reference   |e Default branch